Introducción a la teoría general de la administración / Idalberto Chiavenato (Registro nro. 19288)
[ vista simple ]
| 000 -LÍDER | |
|---|---|
| fixed length control field | 00478nam a2200157 4500 |
| 008 - ELEMENTOS DE LONGITUD FIJA -- INFORMACIÓN GENERAL | |
| fixed length control field | 0 1989 0a 000 0mex |
| 020 ## - NÚMERO INTERNACIONAL NORMALIZADO PARA LIBROS | |
| ISBN | 968-422-175-4 |
| 050 ## - SIGNATURA TOPOGRAFICA DE LA BIBLIOTECA DEL CONGRESO (LC) | |
| Número de Clasificación | HD31 C532 1989 |
| 082 ## - NUMERO DE CLASIFICACION DECIMAL DEWEY | |
| Número de Clasificación | 658.4 C383i |
| 100 ## - ASIENTO PRINCIPAL--NOMBRE PERSONAL | |
| Nombre personal | Chiavenato, Idalberto |
| 245 ## - TÍTULO | |
| Título | Introducción a la teoría general de la administración / Idalberto Chiavenato |
| 250 ## - MENCIÓN DE EDICIÓN | |
| Mención de edición | 2 / 3a. Portugu‚s |
| 260 ## - PUBLICACIÓN, DISTRIBUCIÓN, ETC. (PIE DE IMPRENTA) | |
| Lugar de publicación, distribución, etc. | México : McGraw Hill |
| 300 ## - DESCRIPCIÓN FÍSICA | |
| Extensión | 687 p. / 23 cm. |
| 650 ## - ASIENTO SECUNDARIO DE MATERIA - TERMINO TEMÁTICO | |
| Término temático o nombre geográfico como elemento de entrada | 1. ADMINISTRACIÓN |
| No. biblioteca | No. biblioteca | Número de clasificación | Código de barras/Número de adquisición | Número de copia | Tipo de material |
|---|---|---|---|---|---|
| LUIS G. INCLAN | LUIS G. INCLAN | 658.4 C383i | 15344 | 24 | Libros |
| LUIS G. INCLAN | LUIS G. INCLAN | 658.4 C383i | 15346 | 26 | Libros |
| LUIS G. INCLAN | LUIS G. INCLAN | 658.4 C383i | 21952 | 33 | Libros |
| LUIS G. INCLAN | LUIS G. INCLAN | 658.4 C383i | 23194 | 37 | Libros |
| LUIS G. INCLAN | LUIS G. INCLAN | 658.4 C383i | 23197 | 40 | Libros |
| LUIS G. INCLAN | LUIS G. INCLAN | 658.4 C383i | 24443 | 41 | Libros |
| LUIS G. INCLAN | LUIS G. INCLAN | 658.4 C383i | 13201 | 23 | Libros |
